00628nam a2200217Ia 4500003000900000008004100009040001300050040001300063041000800076100002100084245004200105250001100147260001200158260000900170300001100179300001000190490000600200942000700206999001700213952018000230IT-RoPAU120407s9999 xx 000 0 und d aIT-RoPAU cIT-RoPAU afra aJacques Duquesne aDieu pour l’homme d’aujourd’hui aParis  aGrasset c1970 a308 p. c20 cm v1 cBK c32110d32110 00102ddc406211_32000000000000071aPAULUSbPAULUSd2012-04-11l0o211.32r2012-04-11 00:00:00w2012-04-11yBKzInserito da: In data: n.d. fondo: Via A.Severo 56 Progr:6053